Solving problems with design thinking : (Record no. 9764)
[ view plain ]
| 000 -LEADER | |
|---|---|
| fixed length control field | 00686cam a2200205 i 4500 |
| 003 - CONTROL NUMBER IDENTIFIER | |
| control field | OSt |
| 005 - DATE AND TIME OF LATEST TRANSACTION | |
| control field | 20220302151350.0 |
| 008 - FIXED-LENGTH DATA ELEMENTS--GENERAL INFORMATION | |
| fixed length control field | 130313t20132013nyua b 000 0 eng |
| 020 ## - INTERNATIONAL STANDARD BOOK NUMBER | |
| International Standard Book Number | 9780231801508 |
| 082 00 - DEWEY DECIMAL CLASSIFICATION NUMBER | |
| Classification number | 658.403 |
| Edition number | 23 |
| Item number | LIE |
| 100 1# - MAIN ENTRY--PERSONAL NAME | |
| Personal name | Liedtka, Jeanne. |
| 245 10 - TITLE STATEMENT | |
| Title | Solving problems with design thinking : |
| Remainder of title | 10 stories of what works / |
| Statement of responsibility, etc | Jeanne Liedtka, Andrew King, and Kevin Bennett. |
| 300 ## - PHYSICAL DESCRIPTION | |
| Extent | xiv, 216 pages : |
| Other physical details | illustrations ; |
| Dimensions | 24 cm |
| 504 ## - BIBLIOGRAPHY, ETC. NOTE | |
| Bibliography, etc | Includes bibliographical references. |
| 650 #0 - SUBJECT ADDED ENTRY--TOPICAL TERM | |
| Topical term or geographic name as entry element | Creative ability in business. |
| 650 #0 - SUBJECT ADDED ENTRY--TOPICAL TERM | |
| Topical term or geographic name as entry element | Design. |
| 700 1# - ADDED ENTRY--PERSONAL NAME | |
| Personal name | King, Andrew |
| Fuller form of name | (Andrew Courtland) |
| 700 1# - ADDED ENTRY--PERSONAL NAME | |
| Personal name | Bennett, Kevin B. |
| Fuller form of name | (Kevin Bruce), |
| Dates associated with a name | 1957- |
| 942 ## - ADDED ENTRY ELEMENTS (KOHA) | |
| Source of classification or shelving scheme | |
| Withdrawn status | Lost status | Source of classification or shelving scheme | Damaged status | Koha normalized classification for sorting | Not for loan | Permanent location | Current location | Date acquired | Source of acquisition | Cost, normal purchase price | Full call number | Barcode | Date last seen | Cost, replacement price | Price effective from | Koha item type | Total Checkouts | Date last borrowed |
|---|---|---|---|---|---|---|---|---|---|---|---|---|---|---|---|---|---|---|
| 658_403000000000000_LIE | BMS College of Architecture, Design and Planning | BMS College of Architecture, Design and Planning | 2022-03-02 | 1 | 559.20 | 658.403 LIE | AR-UG2738 | 2022-03-02 | 699.00 | 2022-03-02 | UG Books | |||||||
| 658_403000000000000_LIE | BMS College of Architecture, Design and Planning | BMS College of Architecture, Design and Planning | 2022-03-02 | 1 | 559.20 | 658.403 LIE | AR-UG2739 | 2024-11-05 | 699.00 | 2022-03-02 | UG Books | 1 | 2024-09-12 | |||||
| 658_403000000000000_LIE | BMS College of Architecture, Design and Planning | BMS College of Architecture, Design and Planning | 2022-03-02 | 1 | 559.20 | 658.403 LIE | AR-UG2740 | 2024-04-05 | 699.00 | 2022-03-02 | UG Books | 1 | 2024-03-21 | |||||
| 658_403000000000000_LIE | BMS College of Architecture, Design and Planning | BMS College of Architecture, Design and Planning | 2022-03-02 | 1 | 559.20 | 658.403 LIE | AR-UG2741 | 2022-03-02 | 699.00 | 2022-03-02 | UG Books | |||||||
| 658_403000000000000_LIE | BMS College of Architecture, Design and Planning | BMS College of Architecture, Design and Planning | 2022-03-02 | 1 | 559.20 | 658.403 LIE | AR-UG2742 | 2022-03-02 | 699.00 | 2022-03-02 | UG Books |